=LDR 00000nam 2200000 4500 =001 INLIS000000000017785 =005 20130612113012 =008 ***********************************Ind** =035 ##$$0010-061300000017785 =041 ##$$a Ind =082 ##$$a 336.202 6 =090 ##$$a 336.202 6, Wal p =100 ##$$a Waluyo =245 ##$$a Perubahan perundang-undangan perpajakan era reformasi, Waluyo =260 ##$$a 2000 $b Jakarta =300 ##$$a 310 hlm, 23 cm =650 ##$$a Pajak dan perpajakan-Undang-undang, peraturan dsb =850 ##$$a NBPNMAT